000 00301nam a22001337a 4500
008 180307b xxu||||| |||| 00| 0 eng d
020 _a9781586630942
041 _aeng
080 _a94
100 _a16
101 _aHIS
245 _aWorld war II a photographic history
_cBoyle,D
942 _2udc
_cBK
999 _c44300
_d44300